000 00538nam a2200181 i 4500
001 67407
003 ES-MaACL
005 20230906170048.0
007 t|
008 040525s2003 sp ||||1| spa d
080 _a616.98:578.828 VIH
245 0 3 _aEl sida
_b: un problema global, una solución global.
260 _a[S.l.] :
_bPlataforma Sida en Africa,
_c2003.
300 _a64 p. ;
_c24 cm.
650 4 _aSIDA-
_zPaíses en desarrollo.
_917090
710 2 _aPlataforma Sida en Africa.
_96227
852 _aES-MaACL
_jL-27701
_bR.133362
999 _c67407
_d67407